000 00462nam a2200181Ia 4500
008 090124s9999 xx 000 0 und d
082 _b117799
100 _aरोहेकर ए.ना.
245 _a हिंदोल
250 _a1
260 _c1977
300 _a136
600 _aरोहेकर ए.ना.
630 _a हिंदोल
700 _aरोहेकर ए.ना.
730 _a हिंदोल
942 _cBOOK
999 _c163886
_d163886